• 首页
  • 本馆介绍
  • 公告通知
  • 最新文献
  • 馆藏检索
  • 电子资源
  • 读者导购
  • 参考咨询
  • 我的图书馆
  • 登录
  • 详细信息显示
  • 放入我的书架
  • 预约/预借图书
  • 作者相关作品
  • 分类相关作品
  • 丛书相关作品
  • 出版社相关作品

书目信息

  • 表格格式
  • 工作单格式
  • 卡片格式
题名:
三农问题
    
 
作者: 杨轶婕 , 杜娟 编
分册:  
出版信息: 上海   上海科学技术文献出版社  2016.02
页数: 11,330页
开本: 22cm
丛书名: 复兴之路·智库建设丛书
单 册:
中图分类: F32 , D422.64
科图分类:
主题词: 农业经济--研究--中国 , 农村经济--研究--中国 , 农民问题--研究--中国
电子资源:
ISBN: 978-7-5439-6902-5
000 01170oam2 2200325 450
001 0120161779679
005 20160614150306.04
010    @a978-7-5439-6902-5@dCNY35.00
100    @a20160413d2016 em y0chiy50 ea
101 0  @achi
102    @aCN@b310000
105    @ak z 000yy
106    @ar
200 1  @a三农问题@9san nong wen ti@e从历史、现状到未来@f杨轶婕,杜娟编
210    @a上海@c上海科学技术文献出版社@d2016.02
215    @a11,330页@d22cm
225 2  @a复兴之路·智库建设丛书
330    @a本书内容包括:新土地制度:中国农业的未来希望;坚持土地的家庭承包责任制;农村土地制度需创新;农村政策底线:不搞土地私有化;土地改革不能以越南为鉴;解剖新土改中政策滞后现象;土地改革:集体建设用地流转路径探寻等。
333    @a农业经济研究人员
461  0 @12001 @a复兴之路·智库建设丛书
517 1  @a从历史、现状到未来@9cong li shi 、 xian zhuang dao wei lai
606 0  @a农业经济@x研究@y中国
606 0  @a农村经济@x研究@y中国
606 0  @a农民问题@x研究@y中国
690    @aF32@v5
690    @aD422.64@v5
701  0 @a杨轶婕@9yang yi jie@4编
701  0 @a杜娟@9du juan@4编
801  0 @aCN@b人天书店@c20160413
905    @b879706-11@dF32@e166@f6
    
    三农问题:从历史、现状到未来/杨轶婕,杜娟编.-上海:上海科学技术文献出版社,2016.02
    11,330页;22cm.-(复兴之路·智库建设丛书)
    使用对象:农业经济研究人员
    
    ISBN 978-7-5439-6902-5:CNY35.00
    本书内容包括:新土地制度:中国农业的未来希望;坚持土地的家庭承包责任制;农村土地制度需创新;农村政策底线:不搞土地私有化;土地改革不能以越南为鉴;解剖新土改中政策滞后现象;土地改革:集体建设用地流转路径探寻等。
●
相关链接 在E读中查询图书 在五车中查询图书 在当当中查询图书 在豆瓣中查询图书


正题名:三农问题     索取号:F32/166         预约/预借

序号 登录号 条形码 馆藏地/架位号 状态 备注
1 879706   208797060   第一样本阅览室/ [索取号:F32/166] 在馆    
2 879707   208797079   教育系资料室/ [索取号:F32/166] 在馆    
3 879708   208797088   教育系资料室/ [索取号:F32/166] 在馆    
4 879709   208797097   教育系资料室/ [索取号:F32/166] 在馆    
5 879710   208797104   第一借阅区/ [索取号:F32/166] 在馆    
6 879711   208797113   第一借阅区/ [索取号:F32/166] 在馆    
唐山师范学院图书馆 欢迎您!
大连网信软件有限公司© 版权所有